| 000 | 00455cam a2200157u 4500 | ||
|---|---|---|---|
| 082 |
_a627.23 _bUNI |
||
| 110 | 1 |
_aUnited States. _921185 |
|
| 245 | 1 | 0 | _aDesign charts for open-channel flow. |
| 260 |
_aWashington, _bU. S. Govt. Print. Off., _c1961. |
||
| 300 |
_avi, 105 p. _bdiagrs., tables. _c27 cm. |
||
| 526 |
_a0 _b0 _c0 _d627_230000000000000_UNI |
||
| 650 | 0 |
_aGraphic methods. _92983 |
|
| 650 | 0 | _aHydraulics. | |
| 650 | 0 |
_aMCE _9379 |
|
| 942 |
_2ddc _cBK |
||
| 999 |
_c547852 _d547852 |
||